Estocolmo = Stockholm /
שמור ב:
| מחבר ראשי: | |
|---|---|
| מחברים אחרים: | , , , , , , |
| פורמט: | |
| שפה: | ספרדית |
| יצא לאור: |
España : Madrid, España :
Caballo Films ; Tourmalet Films,
2013, c2013
|
| נושאים: | |
| תגים: |
אין תגיות, היה/י הראשונ/ה לתייג את הרשומה!
|
MARC
| LEADER | 00000ngm^a2200000^a^4500 | ||
|---|---|---|---|
| 001 | 000395234 | ||
| 005 | 20250521000000.0 | ||
| 009 | 20260310121358.429 | ||
| 037 | |a Acervo ITESO - Biblioteca | ||
| 041 | |a ESP | ||
| 082 | |a Es 860. |b SOR | ||
| 100 | |a Sorogoyen, Rodrigo |e (realización) | ||
| 240 | 1 | 1 | |a [Stockholm] |
| 245 | 1 | 0 | |a Estocolmo = |b Stockholm / |c Realización de R. Sorogoyen. |
| 246 | 2 | |a Título original en español: Stockholm | |
| 246 | 2 | |a Título en la cubierta: Estocolmo | |
| 246 | 2 | |a Título en la pantalla: Stockholm | |
| 264 | 4 | |a España : |b Caballo Films ; |a Madrid, España : |b Tourmalet Films, |c 2013, c2013 | |
| 264 | 2 | |a México : |b Zima Entertainment [distribución], |c copyright fecha no identificada | |
| 300 | |a 1 DVD regiones 1 y 4 (90 min.) : |b color | ||
| 336 | |a imagen móvil bidimensional |b tdi |2 rdacontenido | ||
| 337 | |a video |b v |2 rdamedio | ||
| 338 | |a videodisco |b vd |2 rdasoporte | ||
| 586 | |a Premio Goya, de la Academia Española de Cine (28°: 2014): Mejor Dirección Novel (finalista: Rodrigo Sorogoyen) | ||
| 586 | |a Premio Cóndor de Plata, de la Asociación de Cronistas Cinematográficos de Argentina (64°: 2016): Mejor Película Iberoamericana (finalista) | ||
| 649 | |a XX | ||
| 650 | |a Dramas Cinematográficos | ||
| 650 | |a Opera Prima | ||
| 650 | |a Cine Español - |y 2010-2019 | ||
| 650 | |a Cine Español - |y Siglo XXI | ||
| 650 | |a Relaciones Intergénero | ||
| 650 | |a Azar | ||
| 650 | |a Vida Nocturna | ||
| 700 | |a Peña, Isabel |e (guión) | ||
| 700 | |a Sorogoyen, Rodrigo |e (guión) | ||
| 700 | |a Pablo, Alejandro de |e (fotógrafo) | ||
| 700 | |a Campo, Alberto del |e (montaje) | ||
| 700 | |a Pereira, Javier |e (actuación) | ||
| 700 | |a Garrido, Aura |e (actuación) | ||
| 700 | |a Caba, Jesús |e (actuación) | ||
| 910 | |a Fondo General | ||
| 920 | |a Audiovisuales - DVDs | ||
| 940 | |a Películas | ||
| 905 | |a 302 | ||
| 901 | |a 0500289853 |b IT2 |c DVS |i C151575 |u 20250521 | ||
| 902 | |a https://opac.biblio.iteso.mx/vufind/Record/000395234 | ||